[Event "EU-ch U16 Girls 23rd"]
[Site "Budva"]
[Date "2013.10.06"]
[Round "7"]
[White "Lingur, Zalina"]
[Black "Harutyunyan, Ani"]
[Result "1-0"]
[WhiteElo "2023"]
[BlackElo "1884"]
[PlyCount "79"]
[EventDate "2013.09.29"]
[EventType "swiss"]
[EventRounds "9"]
[EventCountry "MNE"]
[SourceTitle "EXT 2014"]
[Source "ChessBase"]
[SourceDate "2013.11.20"]
[SourceVersion "1"]
[SourceVersionDate "2013.11.20"]
[SourceQuality "1"]

1. e4 e5 2. Nf3 Nc6 3. Bb5 Nf6 4. 0-0 Nxe4 5. Re1 Nd6 6. Nxe5 Be7 7. Bf1 Nxe5 8. Rxe5 0-0 9. d4 Bf6 10. Re1 Nf5 11. d5 d6 12. c3 Ne7 13. Qb3 a5 14. a4 c6 15. c4 Nf5 16. Nd2 Nd4 17. Qd1 Bf5 18. Ne4 Be5 19. Bd3 Qb6 20. Be3 Bxe4 21. Bxe4 c5 22. Bg5 f6 23. Qh5 f5 24. Bd3 Qc7 25. Re3 h6 26. f4 hxg5 27. fxe5 dxe5 28. Rh3 Qe7 29. Qh7+ Kf7 30. Bxf5 Ne2+ 31. Kh1 Nf4 32. Rf3 Qf6 33. Be6+ Ke7 34. Qe4 Rh8 35. Re1 Kd6 36. Rb3 Kc7 37. d6+ Kxd6 38. Rb6+ Ke7 39. Qxb7+ Ke8 40. Qxa8+ 1-0

[Event "EU-ch U16 Girls 23rd"]
[Site "Budva"]
[Date "2013.09.29"]
[Round "1"]
[White "Rodionova, Polina"]
[Black "Harutyunyan, Ani"]
[Result "0-1"]
[WhiteElo "2151"]
[BlackElo "1884"]
[PlyCount "66"]
[EventDate "2013.09.29"]
[EventType "swiss"]
[EventRounds "9"]
[EventCountry "MNE"]
[SourceTitle "EXT 2014"]
[Source "ChessBase"]
[SourceDate "2013.11.20"]
[SourceVersion "1"]
[SourceVersionDate "2013.11.20"]
[SourceQuality "1"]

1. e4 e5 2. Nf3 Nc6 3. Bc4 Bc5 4. c3 Nf6 5. d3 d6 6. Bb3 h6 7. Nbd2 0-0 8. 0-0 b5 9. a4 b4 10. a5 Ba6 11. Nc4 bxc3 12. bxc3 Rb8 13. Ba2 Qc8 14. h3 Bb5 15. Nh4 d5 16. Na3 dxe4 17. Nxb5 Rxb5 18. dxe4 Rxa5 19. Qf3 Kh7 20. Nf5 Qa6 21. Qg3 g6 22. Bxh6 Rxa2 23. Rxa2 Qxa2 24. Qg5 Nxe4 25. Qh4 Bxf2+ 26. Rxf2 Qxf2+ 27. Qxf2 Nxf2 28. Bxf8 Nxh3+ 29. gxh3 gxf5 30. Kf2 Kg6 31. Bc5 Kg5 32. Kg3 f4+ 33. Kf3 f5 0-1

[Event "EU-ch U16 Girls"]
[Site "Prague"]
[Date "2012.08.20"]
[Round "4"]
[White "Harutyunyan, Ani"]
[Black "Garcia Castany Musellas, Gal La"]
[Result "1-0"]
[WhiteElo "1835"]
[BlackElo "2019"]
[PlyCount "67"]
[EventDate "2012.08.17"]
[EventType "swiss"]
[EventRounds "9"]
[EventCountry "CZE"]
[SourceTitle "CBM 150 Extra"]
[Source "ChessBase"]
[SourceDate "2012.10.19"]
[SourceVersion "1"]
[SourceVersionDate "2012.10.19"]
[SourceQuality "1"]

1. d4 d5 2. Nf3 Nf6 3. c4 c6 4. e3 Bf5 5. Qb3 Qc7 6. cxd5 cxd5 7. Nc3 e6 8. Bd2 Nc6 9. Be2 Be7 10. 0-0 h6 11. Rfc1 0-0 12. Ne5 Rac8 13. Nxc6 bxc6 14. Qa4 Qb8 15. Nd1 c5 16. Ba6 Ng4 17. g3 Rcd8 18. Ba5 Rd6 19. Be2 c4 20. Bb4 Ra6 21. Qxa6 Qxb4 22. Rc3 Nf6 23. Qxa7 Bd6 24. a3 Qb5 25. b3 Ne4 26. bxc4 Qc6 27. cxd5 Qxd5 28. Bc4 Qc6 29. Rcc1 Ra8 30. d5 Qe8 31. Qb6 Bc5 32. Qc6 exd5 33. Bxd5 Bd7 34. Qxa8 1-0

[Event "EU-ch U16 Girls"]
[Site "Prague"]
[Date "2012.08.19"]
[Round "3"]
[White "Cosman, Andreea Marioara"]
[Black "Harutyunyan, Ani"]
[Result "0-1"]
[WhiteElo "1921"]
[BlackElo "1835"]
[PlyCount "134"]
[EventDate "2012.08.17"]
[EventType "swiss"]
[EventRounds "9"]
[EventCountry "CZE"]
[SourceTitle "CBM 150 Extra"]
[Source "ChessBase"]
[SourceDate "2012.10.19"]
[SourceVersion "1"]
[SourceVersionDate "2012.10.19"]
[SourceQuality "1"]

1. d4 d5 2. c4 e6 3. Nf3 Nf6 4. Nc3 Be7 5. Bg5 0-0 6. e3 Nbd7 7. Rc1 c6 8. a3 Re8 9. Be2 Ne4 10. Bxe7 Qxe7 11. 0-0 Nxc3 12. Rxc3 dxc4 13. Bxc4 e5 14. dxe5 Nxe5 15. Nxe5 Qxe5 16. Qb3 Qc7 17. Rd1 Bf5 18. Bd3 Be6 19. Qc2 g6 20. Bc4 Bf5 21. Bd3 Be6 22. Be2 Rad8 23. Rcd3 Bf5 24. Rxd8 Rxd8 25. Rxd8+ Qxd8 26. Qd1 Qf6 27. Qd2 Qe5 28. Bf3 Kg7 29. g3 Bh3 30. Bg2 Bxg2 31. Kxg2 a5 32. Qc2 Kf6 33. Kf1 Qd5 34. Ke2 Ke6 35. Qc3 a4 36. h4 b5 37. Qb4 f5 38. f3 Qd6 39. Qc3 c5 40. Qg7 Qe5 41. Qg8+ Kd6 42. Qb8+ Kd5 43. Qxb5 Qxg3 44. Qd7+ Qd6 45. Qxa4 Qh2+ 46. Kd3 Qf2 47. Qd7+ Ke5 48. f4+ Kf6 49. Qd6+ Kf7 50. Qd7+ Kf6 51. Qd6+ Kf7 52. Qd5+ Kf6 53. Qxc5 Qf1+ 54. Kd4 Qd1+ 55. Kc4 Qc2+ 56. Kd5 Qe4+ 57. Kd6 Qe7+ 58. Kc6 Qe8+ 59. Kb7 Qd7+ 60. Qc7 Qd1 61. Qe5+ Kf7 62. Qc7+ Kg8 63. Kc8 Qb3 64. Qd8+ Kg7 65. Qe7+ Kh6 66. Qf8+ Kh5 67. Qf6 Kg4 0-1